[Event "HUN-chT2 Charousek 1314"]
[Site "Hungary"]
[Date "2014.04.13"]
[Round "10"]
[White "Bernei, Andras"]
[Black "Csolig, Robert"]
[Result "1-0"]
[WhiteElo "2226"]
[BlackElo "2117"]
[PlyCount "69"]
[EventDate "2013.09.08"]
[EventType "team-tourn"]
[EventRounds "11"]
[EventCountry "HUN"]
[SourceTitle "EXT 2016"]
[Source "ChessBase"]
[SourceDate "2015.10.08"]
[SourceVersion "1"]
[SourceVersionDate "2015.10.08"]
[SourceQuality "1"]
[WhiteTeam "Taban Spartacus"]
[BlackTeam "Geniusz Tata"]
[WhiteTeamCountry "HUN"]
[BlackTeamCountry "HUN"]

1. Nf3 g6 2. g3 Bg7 3. Bg2 Nf6 4. 0-0 0-0 5. c4 d6 6. Nc3 Nc6 7. Rb1 a5 8. a3 e5 9. d3 Nd4 10. e3 Nxf3+ 11. Bxf3 c6 12. b4 axb4 13. axb4 Be6 14. Bb2 d5 15. cxd5 cxd5 16. Na4 Qd6 17. Nc5 Bh3 18. Re1 b6 19. Nb3 h5 20. Qd2 Ng4 21. Ra1 Rxa1 22. Rxa1 f5 23. b5 Qd7 24. Qb4 f4 25. exf4 g5 26. Nd2 gxf4 27. Qb3 Rd8 28. Ra8 Nf6 29. Rxd8+ Qxd8 30. Bxe5 fxg3 31. hxg3 Be6 32. d4 h4 33. gxh4 Bh6 34. Qd3 Bf7 35. Nf1 1-0

[Event "HUN-chT2 Charousek 1314"]
[Site "Hungary"]
[Date "2014.03.23"]
[Round "9"]
[White "Csolig, Robert"]
[Black "Szabo, Laszlo3"]
[Result "0-1"]
[WhiteElo "2117"]
[BlackElo "2112"]
[PlyCount "66"]
[EventDate "2013.09.08"]
[EventType "team-tourn"]
[EventRounds "11"]
[EventCountry "HUN"]
[SourceTitle "EXT 2016"]
[Source "ChessBase"]
[SourceDate "2015.10.08"]
[SourceVersion "1"]
[SourceVersionDate "2015.10.08"]
[SourceQuality "1"]
[WhiteTeam "Geniusz Tata"]
[BlackTeam "Tapolca"]
[WhiteTeamCountry "HUN"]
[BlackTeamCountry "HUN"]

1. d4 Nf6 2. c4 c6 3. Nc3 d5 4. Nf3 dxc4 5. a4 Bf5 6. e3 e6 7. Bxc4 Bb4 8. 0-0 0-0 9. Qe2 Nbd7 10. h3 Ne4 11. Nxe4 Bxe4 12. Bd2 Bxf3 13. gxf3 Bxd2 14. Qxd2 e5 15. Be2 Qh4 16. dxe5 Nxe5 17. Qc3 Rae8 18. Kh2 Ng6 19. Bd3 Qh5 20. Bxg6 hxg6 21. f4 Rd8 22. f3 Rd6 23. Rf2 Rfd8 24. Rg1 Rd3 25. Qb4 Rxe3 26. Rg4 Rd1 27. Qxb7 Ree1 28. Qc8+ Kh7 29. Kg3 Rg1+ 30. Rg2 Rxg2+ 31. Kxg2 f5 32. Rg5 Qh4 33. Qxc6 Rd2+ 0-1

[Event "HUN-chT2 Charousek 1314"]
[Site "Hungary"]
[Date "2014.02.16"]
[Round "7"]
[White "Csolig, Robert"]
[Black "Zoldi, Zoltan"]
[Result "1/2-1/2"]
[WhiteElo "2117"]
[BlackElo "2174"]
[PlyCount "91"]
[EventDate "2013.09.08"]
[EventType "team-tourn"]
[EventRounds "11"]
[EventCountry "HUN"]
[SourceTitle "EXT 2016"]
[Source "ChessBase"]
[SourceDate "2015.10.08"]
[SourceVersion "1"]
[SourceVersionDate "2015.10.08"]
[SourceQuality "1"]
[WhiteTeam "Geniusz Tata"]
[BlackTeam "Gyor Elektromos"]
[WhiteTeamCountry "HUN"]
[BlackTeamCountry "HUN"]

1. d4 g6 2. c4 Nf6 3. Nc3 d5 4. cxd5 Nxd5 5. Bd2 Bg7 6. e4 Nxc3 7. Bxc3 c5 8. d5 Bxc3+ 9. bxc3 Nd7 10. Nf3 Qc7 11. Be2 0-0 12. Qd2 Ne5 13. 0-0 Nxf3+ 14. Bxf3 Qd6 15. Qe3 e5 16. Qh6 Bd7 17. h4 Rfd8 18. h5 Qf8 19. Qg5 f6 20. Qh4 g5 21. Qg3 Kg7 22. Bg4 Qd6 23. Rab1 b6 24. Bxd7 Qxd7 25. f3 Kh6 26. Qh2 Rab8 27. g4 b5 28. Rb2 a5 29. Rfb1 b4 30. cxb4 cxb4 31. Rc1 Rdc8 32. Rxc8 Rxc8 33. Rc2 Rc3 34. Rxc3 bxc3 35. Qc2 Qa7+ 36. Kf1 Qe3 37. Qe2 Qc1+ 38. Qe1 Qb2 39. d6 c2 40. d7 Qb5+ 41. Kg2 Qxd7 42. Qc3 Qd1 43. Qc5 Qe2+ 44. Kg3 Qe1+ 45. Kg2 Qe2+ 46. Kg3 1/2-1/2

[Event "Budapest Art Pub Cup 3rd"]
[Site "Budapest"]
[Date "2014.01.05"]
[Round "7"]
[White "Polyik, Peter"]
[Black "Csolig, Robert"]
[Result "1/2-1/2"]
[WhiteElo "1937"]
[BlackElo "2114"]
[PlyCount "67"]
[EventDate "2014.01.02"]
[EventType "swiss"]
[EventRounds "7"]
[EventCountry "HUN"]
[SourceTitle "CBM 158 Extra"]
[Source "ChessBase"]
[SourceDate "2014.02.28"]
[SourceVersion "1"]
[SourceVersionDate "2014.02.28"]
[SourceQuality "1"]

1. d4 g6 2. c4 Bg7 3. e4 d6 4. Nc3 Nf6 5. Be2 0-0 6. Bg5 Na6 7. Qd2 Qe8 8. Bd1 e5 9. d5 Nc5 10. f3 a5 11. g4 Bd7 12. Nh3 Kh8 13. Nf2 Ng8 14. Bc2 f5 15. gxf5 gxf5 16. exf5 Ne7 17. 0-0-0 Nxf5 18. Nfe4 b6 19. f4 Nd4 20. Nxc5 bxc5 21. fxe5 Bxe5 22. Rdf1 Bh3 23. Rxf8+ Qxf8 24. Qe3 Nxc2 25. Qxh3 Nd4 26. Rf1 Qg7 27. Bf4 Bxf4+ 28. Rxf4 Qg6 29. Rf2 Re8 30. Qf1 Qg5+ 31. Kb1 Qg6+ 32. Kc1 Qg5+ 33. Kb1 Qg6+ 34. Kc1 1/2-1/2

[Event "Komarom Esztergom County-chT"]
[Site "Hungary"]
[Date "2013.04.28"]
[Round "10.1"]
[White "Csolig, Robert"]
[Black "Rako, Istvan"]
[Result "1-0"]
[WhiteElo "2162"]
[BlackElo "2110"]
[PlyCount "81"]
[EventDate "2012.09.29"]
[EventType "team-tourn"]
[EventRounds "10"]
[EventCountry "HUN"]
[SourceTitle "EXT 2014"]
[Source "ChessBase"]
[SourceDate "2013.11.20"]
[SourceVersion "1"]
[SourceVersionDate "2013.11.20"]
[SourceQuality "1"]
[WhiteTeam "Tata Naszaly"]
[BlackTeam "Almasfuezito"]
[WhiteTeamCountry "HUN"]
[BlackTeamCountry "HUN"]

1. e4 c6 2. d4 d5 3. e5 g6 4. Bd3 Bg7 5. Ne2 f6 6. f4 Nh6 7. 0-0 0-0 8. Nd2 Bg4 9. h3 Bxe2 10. Qxe2 fxe5 11. fxe5 e6 12. Nf3 Nd7 13. Bg5 Qb6 14. a4 Rae8 15. a5 Qc7 16. Qe3 Nf5 17. Qf2 c5 18. c3 a6 19. Bd2 Nb8 20. g4 Ne7 21. Qh4 Nec6 22. Ng5 h6 23. Bxg6 cxd4 24. Rf7 Re7 25. Nxe6 Rexf7 26. Nxc7 Rxc7 27. e6 Ne5 28. Bf7+ Nxf7 29. exf7+ Rcxf7 30. Bxh6 Nc6 31. Qg5 dxc3 32. Bxg7 Rxg7 33. Qxd5+ Kh7 34. bxc3 Re7 35. Qh5+ Kg7 36. Rd1 Ne5 37. Qg5+ Kf7 38. Rf1+ Ke8 39. Rxf8+ Kxf8 40. Qf5+ Nf7 41. h4 1-0

[Event "HUN-chT2 Charousek 1213"]
[Site "Hungary"]
[Date "2013.04.07"]
[Round "10"]
[White "Csolig, Robert"]
[Black "Papp, Judit"]
[Result "1-0"]
[WhiteElo "2162"]
[BlackElo "2133"]
[PlyCount "63"]
[EventDate "2012.09.16"]
[EventType "team-tourn"]
[EventRounds "11"]
[EventCountry "HUN"]
[SourceTitle "EXT 2014"]
[Source "ChessBase"]
[SourceDate "2013.11.20"]
[SourceVersion "1"]
[SourceVersionDate "2013.11.20"]
[SourceQuality "1"]
[WhiteTeam "Geniusz Tata"]
[BlackTeam "Paks II"]
[WhiteTeamCountry "HUN"]
[BlackTeamCountry "HUN"]

1. d4 Nf6 2. c4 g6 3. Nc3 Bg7 4. e4 d6 5. f3 0-0 6. Be3 Nbd7 7. Qd2 c5 8. d5 Re8 9. Nge2 a6 10. a4 b6 11. Ng3 Qc7 12. Be2 Bb7 13. 0-0 Rad8 14. Rad1 Nf8 15. Bg5 Rd7 16. Qf4 Rdd8 17. Qh4 N8d7 18. f4 Rc8 19. Bd3 e6 20. Bc2 exd5 21. exd5 h6 22. Bxh6 Bxh6 23. Qxh6 Ng4 24. Qg5 Ne3 25. Bxg6 fxg6 26. Qxg6+ Kh8 27. Qh6+ Kg8 28. Nh5 Nf8 29. Rf3 Nf5 30. Qg5+ Ng7 31. Rg3 Re7 32. Nf6+ 1-0

[Event "HUN-chT2 Charousek 1213"]
[Site "Hungary"]
[Date "2012.10.07"]
[Round "2"]
[White "Csolig, Robert"]
[Black "Bodi, Tibor"]
[Result "0-1"]
[WhiteElo "2162"]
[BlackElo "2038"]
[PlyCount "74"]
[EventDate "2012.09.16"]
[EventType "team-tourn"]
[EventRounds "11"]
[EventCountry "HUN"]
[SourceTitle "EXT 2014"]
[Source "ChessBase"]
[SourceDate "2013.11.20"]
[SourceVersion "1"]
[SourceVersionDate "2013.11.20"]
[SourceQuality "1"]
[WhiteTeam "Geniusz Tata"]
[BlackTeam "Kobanya Aquarena"]
[WhiteTeamCountry "HUN"]
[BlackTeamCountry "HUN"]

1. d4 f5 2. Nc3 d5 3. Bg5 Nf6 4. f3 Nbd7 5. Qd2 e6 6. a3 c5 7. 0-0-0 cxd4 8. Qxd4 Bc5 9. Qh4 Qb6 10. Nh3 Be3+ 11. Bxe3 Qxe3+ 12. Kb1 0-0 13. Qf2 Qxf2 14. Nxf2 Nb6 15. e4 dxe4 16. fxe4 Bd7 17. Be2 Rad8 18. Bf3 Bc6 19. b3 g5 20. e5 Nfd5 21. Nxd5 Nxd5 22. Bxd5 Rxd5 23. Rxd5 Bxd5 24. Rg1 f4 25. Ng4 Kg7 26. Nf6 Kg6 27. Kc1 Rd8 28. g4 Bf3 29. Rf1 Be2 30. Rf2 Rd1+ 31. Kb2 Bb5 32. c4 Bc6 33. Kc3 Re1 34. Kd4 f3 35. b4 b6 36. b5 Bb7 37. c5 bxc5+ 0-1

[Event "HUN-chT2 Breyer 1112"]
[Site "Hungary"]
[Date "2012.03.11"]
[Round "7.9"]
[White "Valis, Janos"]
[Black "Csolig, Robert"]
[Result "0-1"]
[WhiteElo "2049"]
[BlackElo "2190"]
[PlyCount "68"]
[EventDate "2011.09.25"]
[EventType "team-tourn"]
[EventRounds "11"]
[EventCountry "HUN"]
[SourceTitle "EXT 2013"]
[Source "ChessBase"]
[SourceDate "2012.11.22"]
[SourceVersion "1"]
[SourceVersionDate "2012.11.22"]
[SourceQuality "1"]
[WhiteTeam "Husi"]
[BlackTeam "Geniusz Tata"]
[WhiteTeamCountry "HUN"]
[BlackTeamCountry "HUN"]

1. e4 g6 2. Nc3 Bg7 3. g3 d6 4. Bg2 Nc6 5. Nge2 e5 6. d3 Nf6 7. 0-0 0-0 8. f4 Be6 9. f5 Bd7 10. h3 h6 11. g4 Ne7 12. Ng3 g5 13. Be3 b5 14. Qd2 Kh7 15. Bf3 Rh8 16. Kg2 Ne8 17. Nh5 f6 18. Rh1 Bc6 19. Nd5 Nxd5 20. exd5 Bb7 21. h4 Bf8 22. hxg5 fxg5 23. Be4 Kg8 24. f6 Nxf6 25. Bxg5 Nxe4 26. dxe4 Qxg5 27. Qe2 Be7 28. Raf1 Bc8 29. Kg3 Bd7 30. Rh2 Rf8 31. Rxf8+ Kxf8 32. Kg2 Ke8 33. Ng3 Qxg4 34. Qe3 Bh4 0-1

[Event "HUN-chT2 Breyer 1112"]
[Site "Hungary"]
[Date "2011.11.27"]
[Round "4.8"]
[White "Albert, Janos"]
[Black "Csolig, Robert"]
[Result "1-0"]
[WhiteElo "1939"]
[BlackElo "2190"]
[PlyCount "72"]
[EventDate "2011.09.25"]
[EventType "team-tourn"]
[EventRounds "11"]
[EventCountry "HUN"]
[SourceTitle "EXT 2013"]
[Source "ChessBase"]
[SourceDate "2012.11.22"]
[SourceVersion "1"]
[SourceVersionDate "2012.11.22"]
[SourceQuality "1"]
[WhiteTeam "Zsambek"]
[BlackTeam "Geniusz Tata"]
[WhiteTeamCountry "HUN"]
[BlackTeamCountry "HUN"]

1. e4 g6 2. d4 Bg7 3. f4 c5 4. Nf3 cxd4 5. Nxd4 Nc6 6. Nb3 d6 7. Nc3 Nf6 8. Be3 0-0 9. Bd3 Bd7 10. h3 Rc8 11. 0-0 a6 12. a4 Na5 13. Nxa5 Qxa5 14. Qe1 Rfe8 15. Qh4 Qb4 16. Rae1 Qxb2 17. Ne2 Rxc2 18. e5 dxe5 19. fxe5 Qxe5 20. Bd4 Qc7 21. Bxc2 Qxc2 22. Nc3 Bc6 23. Rf2 Qb3 24. Rfe2 Ne4 25. Bxg7 Nxc3 26. Bxc3 Qxc3 27. Rxe7 Qc5+ 28. Kh1 Rxe7 29. Qxe7 Qd5 30. Re2 Bxa4 31. Kh2 Bc6 32. Qf6 a5 33. Qf4 Kg7 34. Rf2 a4 35. Qf6+ Kh6 36. Qe7 Qe6 1-0

[Event "HUN-chT2 Breyer 1011"]
[Site "Hungary"]
[Date "2011.03.27"]
[Round "7.6"]
[White "Kovacs, Geza"]
[Black "Csolig, Robert"]
[Result "1/2-1/2"]
[WhiteElo "2082"]
[BlackElo "2188"]
[PlyCount "73"]
[EventDate "2010.09.12"]
[EventType "team-tourn"]
[EventRounds "11"]
[EventCountry "HUN"]
[SourceTitle "EXT 2012"]
[Source "ChessBase"]
[SourceDate "2011.11.24"]
[SourceVersion "1"]
[SourceVersionDate "2011.11.24"]
[SourceQuality "1"]
[WhiteTeam "Turul"]
[BlackTeam "Geniusz Tata"]
[WhiteTeamCountry "HUN"]
[BlackTeamCountry "HUN"]

1. b3 e5 2. Bb2 Nc6 3. e3 Nf6 4. Bb5 d6 5. Ne2 Be7 6. d4 exd4 7. Bxc6+ bxc6 8. Nxd4 Bd7 9. Qf3 d5 10. Nf5 Bxf5 11. Qxf5 0-0 12. Nd2 Re8 13. 0-0 Nd7 14. Rfd1 g6 15. Qf3 Bd6 16. c4 Be5 17. Bxe5 Nxe5 18. Qf4 Qe7 19. Nf3 Nxf3+ 20. Qxf3 dxc4 21. Qxc6 cxb3 22. axb3 Qe6 23. Qxc7 Qxb3 24. Rab1 Qa2 25. h3 a5 26. Ra1 Qb3 27. Rab1 Qa2 28. Ra1 Qb3 29. Rab1 Qe6 30. Rb7 a4 31. Rd6 Qa2 32. Rd7 Rf8 33. Ra7 Rxa7 34. Qxa7 Qa1+ 35. Kh2 Qb2 36. Qxa4 Qxf2 37. Qf4 1/2-1/2

[Event "HUN-chT2 Breyer 0910"]
[Site "Hungary"]
[Date "2010.03.21"]
[Round "8"]
[White "Finszter, Mate"]
[Black "Csolig, Robert"]
[Result "1-0"]
[WhiteElo "2094"]
[BlackElo "2157"]
[PlyCount "67"]
[EventDate "2009.11.08"]
[EventType "team-tourn"]
[EventRounds "11"]
[EventCountry "HUN"]
[SourceTitle "EXT 2011"]
[Source "ChessBase"]
[SourceDate "2010.11.26"]
[SourceVersion "1"]
[SourceVersionDate "2010.11.26"]
[SourceQuality "1"]
[WhiteTeam "Gyor Komszomol"]
[BlackTeam "Geniusz Tata"]
[WhiteTeamCountry "HUN"]
[BlackTeamCountry "HUN"]

1. d4 g6 2. e4 Bg7 3. Nc3 c5 4. d5 d6 5. f4 Nf6 6. Bb5+ Nfd7 7. Bd3 0-0 8. Nf3 Na6 9. 0-0 Nc7 10. Qe1 Rb8 11. a4 b6 12. f5 Ne5 13. Qh4 Ne8 14. Bh6 Nxf3+ 15. Rxf3 Bf6 16. Qh3 Bg7 17. Raf1 Nf6 18. Qh4 Nh5 19. Bxg7 Kxg7 20. g4 Nf6 21. Rh3 Rh8 22. Qh6+ Kg8 23. g5 Ng4 24. Qh4 Ne5 25. Rg3 c4 26. Be2 b5 27. axb5 a6 28. bxa6 Rxb2 29. Ra1 Rxc2 30. a7 Bb7 31. Qh6 Ba8 32. Rb1 Nd7 33. f6 exf6 34. gxf6 1-0

[Event "HUN-chT2 Breyer 0910"]
[Site "Hungary"]
[Date "2009.11.22"]
[Round "2"]
[White "Csolig, Robert"]
[Black "Kovacs, Geza"]
[Result "1-0"]
[WhiteElo "2157"]
[BlackElo "2092"]
[PlyCount "77"]
[EventDate "2009.11.08"]
[EventType "team-tourn"]
[EventRounds "11"]
[EventCountry "HUN"]
[SourceTitle "EXT 2011"]
[Source "ChessBase"]
[SourceDate "2010.11.26"]
[SourceVersion "1"]
[SourceVersionDate "2010.11.26"]
[SourceQuality "1"]
[WhiteTeam "Geniusz Tata"]
[BlackTeam "Esztergom"]
[WhiteTeamCountry "HUN"]
[BlackTeamCountry "HUN"]

1. d4 Nf6 2. c4 e6 3. Nc3 d5 4. cxd5 exd5 5. Bg5 c6 6. Qc2 Be7 7. e3 Be6 8. Bd3 Nbd7 9. Nf3 h6 10. Bf4 Nh5 11. h3 Nxf4 12. exf4 Nf6 13. 0-0-0 0-0 14. g4 c5 15. Kb1 c4 16. Bf5 b5 17. Bxe6 fxe6 18. g5 Nh5 19. gxh6 Nxf4 20. Rdg1 Bf6 21. Rg4 Nd3 22. Rhg1 Rf7 23. Nd1 Qa5 24. Ne5 Bxe5 25. dxe5 b4 26. Rxg7+ Rxg7 27. Rxg7+ Kh8 28. Qe2 b3 29. axb3 Qe1 30. Qxe1 Nxe1 31. bxc4 dxc4 32. Re7 Rd8 33. Ne3 Rd2 34. Nxc4 Rxf2 35. Rxe6 Kh7 36. Ra6 Rf4 37. Nd6 Kxh6 38. e6 Rf6 39. e7 1-0

[Event "HUN-chT2 Breyer 0708"]
[Site "Hungary"]
[Date "2008.04.27"]
[Round "10"]
[White "Toth, Tihamer"]
[Black "Csolig, Robert"]
[Result "1-0"]
[WhiteElo "2129"]
[BlackElo "2142"]
[PlyCount "115"]
[EventDate "2007.10.14"]
[EventType "team-tourn"]
[EventRounds "11"]
[EventCountry "HUN"]
[SourceTitle "EXT 2009"]
[Source "ChessBase"]
[SourceDate "2008.11.26"]
[SourceVersion "1"]
[SourceVersionDate "2008.11.26"]
[SourceQuality "1"]
[WhiteTeam "Hobagoly"]
[BlackTeam "Geniusz Tata"]
[WhiteTeamCountry "HUN"]
[BlackTeamCountry "HUN"]

1. e4 c5 2. Nf3 Nc6 3. c3 Nf6 4. Bd3 d5 5. e5 Ng4 6. Bb5 Bd7 7. Bxc6 bxc6 8. 0-0 e6 9. d4 Nh6 10. Bxh6 gxh6 11. Nbd2 cxd4 12. cxd4 c5 13. Rc1 cxd4 14. Nb3 Bg7 15. Qxd4 0-0 16. Nc5 f6 17. Rfe1 fxe5 18. Nxe5 Bc8 19. f4 Qf6 20. g3 h5 21. h4 Qf5 22. Kh2 Kh8 23. b3 Bf6 24. Re3 Kg8 25. Qa4 Rd8 26. Qc6 Rb8 27. Qc7 Rb6 28. Qf7+ Kh8 29. Ncd3 Bxe5 30. Nxe5 Rf8 31. Qxf5 exf5 32. Rc7 Rb7 33. Rec3 Rxc7 34. Rxc7 Be6 35. Rxa7 Rc8 36. Nf7+ Bxf7 37. Rxf7 Rc2+ 38. Kh3 Rxa2 39. Rxf5 Rb2 40. Rxd5 Rxb3 41. Rxh5 Kg7 42. Kg4 Kg6 43. Rg5+ Kh6 44. Rg8 Rb5 45. Kf3 Rb3+ 46. Ke4 Kh5 47. f5 h6 48. g4+ Kxh4 49. f6 Rb4+ 50. Kf5 Rb5+ 51. Kg6 Rb6 52. Rh8 Kxg4 53. Rxh6 Kf4 54. Rh8 Ke5 55. Re8+ Kd5 56. Kg7 Rb1 57. f7 Rg1+ 58. Kh6 1-0

[Event "HUN-chT2 Breyer 0708"]
[Site "Hungary"]
[Date "2008.03.16"]
[Round "8"]
[White "Csolig, Robert"]
[Black "Kiss, Istvan"]
[Result "1-0"]
[WhiteElo "2142"]
[BlackElo "2152"]
[PlyCount "53"]
[EventDate "2007.10.14"]
[EventType "team-tourn"]
[EventRounds "11"]
[EventCountry "HUN"]
[SourceTitle "EXT 2009"]
[Source "ChessBase"]
[SourceDate "2008.11.26"]
[SourceVersion "1"]
[SourceVersionDate "2008.11.26"]
[SourceQuality "1"]
[WhiteTeam "Geniusz Tata"]
[BlackTeam "Zoltek"]
[WhiteTeamCountry "HUN"]
[BlackTeamCountry "HUN"]

1. d4 d6 2. c4 g6 3. Nc3 Bg7 4. e4 c6 5. Be3 a6 6. Qd2 Nd7 7. Bd3 e5 8. d5 c5 9. Nge2 Qc7 10. f3 Ne7 11. Bh6 0-0 12. g4 Rb8 13. a4 Re8 14. Bxg7 Kxg7 15. g5 Rh8 16. Ng3 h5 17. gxh6+ Rxh6 18. 0-0-0 Nf6 19. f4 exf4 20. Qxf4 Nh5 21. Nxh5+ Rxh5 22. Rhf1 Ng8 23. e5 Rxe5 24. Bxg6 fxg6 25. Qf8+ Kh8 26. Rf7 Re7 27. Qg7# 1-0

[Event "HUN-chT2 Breyer 0607"]
[Site "Hungary"]
[Date "2007.05.06"]
[Round "10"]
[White "Novak, Attila Robert"]
[Black "Csolig, Robert"]
[Result "0-1"]
[WhiteElo "1968"]
[BlackElo "2115"]
[PlyCount "125"]
[EventDate "2006.11.12"]
[EventType "team-tourn"]
[EventRounds "11"]
[EventCountry "HUN"]
[SourceTitle "EXT 2008"]
[Source "ChessBase"]
[SourceDate "2007.11.25"]
[SourceVersion "1"]
[SourceVersionDate "2007.11.25"]
[SourceQuality "1"]
[WhiteTeam "Balatonfuered"]
[BlackTeam "Geniusz Tata"]
[WhiteTeamCountry "HUN"]
[BlackTeamCountry "HUN"]

1. d4 Nf6 2. c4 g6 3. Nc3 Bg7 4. e4 d6 5. Nf3 0-0 6. Be2 e5 7. 0-0 Nc6 8. dxe5 dxe5 9. Bg5 Qxd1 10. Raxd1 Bg4 11. Rd2 Bxf3 12. Bxf3 Nd4 13. b4 c6 14. Rfd1 Nd7 15. Be2 Rfe8 16. b5 Nc5 17. Be3 Nce6 18. bxc6 bxc6 19. Rb1 Rab8 20. Rdb2 Rxb2 21. Rxb2 Nc5 22. Kf1 f5 23. f3 Bf8 24. Bd1 Rd8 25. Bg5 Re8 26. Be3 f4 27. Bf2 Nd3 28. Rb7 Nxf2 29. Kxf2 Rd8 30. Ba4 Bc5 31. Kf1 Rd6 32. Nb1 Ne6 33. Rb2 h6 34. Rd2 Nd4 35. Rb2 Kf7 36. Nd2 Kf6 37. Nb3 Ba3 38. Rd2 c5 39. Nxd4 exd4 40. Ke2 Rb6 41. Bc2 g5 42. Kd1 Bb2 43. Re2 Ke5 44. Bd3 h5 45. Rc2 a5 46. Ke2 a4 47. Kd1 a3 48. Ke2 g4 49. Kf2 Rb3 50. Ke2 gxf3+ 51. gxf3 Rb8 52. Kf1 Rb3 53. Ke2 h4 54. h3 Rb8 55. Kf2 Rg8 56. Bf1 Rg5 57. Rd2 Bc3 58. Rd1 Kd6 59. Bg2 Rg7 60. Rb1 d3 61. Bf1 d2 62. Ke2 Rg3 63. Rb3 0-1

[Event "HUN-chT2 Breyer 0607"]
[Site "Hungary"]
[Date "2007.02.18"]
[Round "5"]
[White "Banszegi, Attila"]
[Black "Csolig, Robert"]
[Result "1/2-1/2"]
[WhiteElo "2106"]
[BlackElo "2115"]
[PlyCount "97"]
[EventDate "2006.11.12"]
[EventType "team-tourn"]
[EventRounds "11"]
[EventCountry "HUN"]
[SourceTitle "EXT 2008"]
[Source "ChessBase"]
[SourceDate "2007.11.25"]
[SourceVersion "1"]
[SourceVersionDate "2007.11.25"]
[SourceQuality "1"]
[WhiteTeam "Kisber Aszar"]
[BlackTeam "Geniusz Tata"]
[WhiteTeamCountry "HUN"]
[BlackTeamCountry "HUN"]

1. e4 c5 2. Nf3 Nc6 3. d4 cxd4 4. Nxd4 Nf6 5. Nc3 e5 6. Ndb5 d6 7. Bg5 a6 8. Na3 b5 9. Nd5 Be7 10. Bxf6 Bxf6 11. g3 Ne7 12. Bg2 0-0 13. 0-0 Nxd5 14. exd5 g6 15. c3 Bg7 16. Nc2 f5 17. a4 Bd7 18. Nb4 Qc7 19. Nc6 e4 20. axb5 axb5 21. Qb3 Qb6 22. c4 b4 23. Rxa8 Rxa8 24. Rd1 Kf8 25. Bf1 Bxc6 26. dxc6 Qxc6 27. Qxb4 Be5 28. Rd5 Kg7 29. Qb5 Qxb5 30. Rxb5 Ra2 31. b4 Bd4 32. Rd5 Bxf2+ 33. Kh1 e3 34. Rxd6 e2 35. Bxe2 Rxe2 36. Rd7+ Kh6 37. c5 Rb2 38. c6 Rxb4 39. Kg2 Rc4 40. Kxf2 Rxc6 41. h4 Kh5 42. Kg2 h6 43. Rd5 Rf6 44. Kh3 g5 45. hxg5 hxg5 46. Rxf5 Rxf5 47. g4+ Kg6 48. gxf5+ Kxf5 49. Kg3 1/2-1/2